00328nam a2200121Ia 450000500170000000800410001708200130005824500380007126000350010930000190014465000270016365000160019020240801050150.0240331s9999 xx 000 0 und d bNONa374 0aNon formal education in Sri Lanka aColombobMarga Institutec1974 aXiii, 242 p ., a Non-Formal Education aAgriculture